[Event "IECC KO email"]
[Site "IECC email"]
[Date "2002.05.05"]
[Round "?"]
[White "Gomes, Luciano"]
[Black "Allen, Richard G"]
[Result "0-1"]
[WhiteElo "1315"]
[BlackElo "1889"]
[PlyCount "80"]
[EventDate "2002.??.??"]
[EventType "tourn (corr)"]
[EventRounds "6"]
[SourceTitle "Corr 2008"]
[Source "ChessBase"]
[SourceDate "2008.06.24"]
[SourceVersion "1"]
[SourceVersionDate "2008.06.24"]
[SourceQuality "1"]

1. e4 d6 2. d4 Nf6 3. Nc3 g6 4. f4 Bg7 5. Nf3 0-0 6. Bd3 Nc6 7. 0-0 e5 8. fxe5 dxe5 9. d5 Nd4 10. Nxe5 Nxd5 11. Nxd5 Bxe5 12. Bf4 Nc6 13. Qd2 Be6 14. Bxe5 Nxe5 15. Qc3 Bxd5 16. Qxe5 Be6 17. Qc3 Qd6 18. Be2 Qb6+ 19. Kh1 Rad8 20. Rad1 c5 21. b3 Rd4 22. Bd3 Qc7 23. Kg1 Rfd8 24. a3 b6 25. Rde1 c4 26. Rf2 b5 27. Bf1 R8d7 28. b4 Bg4 29. h3 Be6 30. g3 Qb6 31. Ree2 Rd1 32. g4 Rd8 33. g5 R8d4 34. Qf3 Qb8 35. h4 Rd8 36. Re3 a6 37. Ree2 R8d7 38. Kh1 Qe5 39. Kg1 Qa1 40. c3 Qc1 0-1

[Event "IECC CL6-2002.14"]
[Site "IECC email"]
[Date "2002.04.22"]
[Round "?"]
[White "Tavani, Alberto"]
[Black "Gomes, Luciano"]
[Result "1-0"]
[WhiteElo "1373"]
[BlackElo "1280"]
[PlyCount "31"]
[EventDate "2002.??.??"]
[EventType "tourn (corr)"]
[EventRounds "4"]
[SourceTitle "Corr 2008"]
[Source "ChessBase"]
[SourceDate "2008.06.24"]
[SourceVersion "1"]
[SourceVersionDate "2008.06.24"]
[SourceQuality "1"]

1. e4 e5 2. Nf3 Nc6 3. Bc4 Be7 4. d4 d6 5. Nc3 Nf6 6. h3 0-0 7. 0-0 h6 8. Re1 Re8 9. Be3 exd4 10. Nxd4 Bf8 11. Nxc6 bxc6 12. Qf3 Be6 13. Bb3 g6 14. e5 dxe5 15. Rad1 Nd5 16. Ba4 1-0

[Event "IECC KO email"]
[Site "IECC email"]
[Date "2002.04.17"]
[Round "?"]
[White "Viatge, Fabrice"]
[Black "Gomes, Luciano"]
[Result "1-0"]
[WhiteElo "1286"]
[BlackElo "1265"]
[PlyCount "41"]
[EventDate "2002.??.??"]
[EventType "tourn (corr)"]
[EventRounds "6"]
[SourceTitle "Corr 2008"]
[Source "ChessBase"]
[SourceDate "2008.06.24"]
[SourceVersion "1"]
[SourceVersionDate "2008.06.24"]
[SourceQuality "1"]

1. d4 Nf6 2. Bg5 d5 3. Bxf6 gxf6 4. c4 dxc4 5. e3 c5 6. Bxc4 cxd4 7. exd4 Bg7 8. Nc3 e6 9. Nf3 f5 10. 0-0 0-0 11. Re1 Nc6 12. d5 Na5 13. Bb3 Nxb3 14. Qxb3 Qd6 15. Rad1 e5 16. Nb5 Qb8 17. d6 Be6 18. Qa3 e4 19. Nfd4 Bc4 20. Nxf5 Bf6 21. Nc7 1-0

[Event "IECC KO email"]
[Site "IECC email"]
[Date "2002.04.07"]
[Round "?"]
[White "Gomes, Luciano"]
[Black "Ralchev, Stoyan"]
[Result "0-1"]
[WhiteElo "1268"]
[BlackElo "1737"]
[PlyCount "90"]
[EventDate "2002.??.??"]
[EventType "tourn (corr)"]
[EventRounds "6"]
[SourceTitle "Corr 2008"]
[Source "ChessBase"]
[SourceDate "2008.06.24"]
[SourceVersion "1"]
[SourceVersionDate "2008.06.24"]
[SourceQuality "1"]

1. e4 c6 2. d4 d5 3. Nc3 dxe4 4. Nxe4 Bf5 5. Ng3 Bg6 6. h4 h6 7. Nf3 Nd7 8. h5 Bh7 9. Bd2 e6 10. Bf4 Ngf6 11. Bc4 Be7 12. Bd3 Bxd3 13. Qxd3 Nd5 14. Be5 Nxe5 15. Nxe5 0-0 16. 0-0-0 Qa5 17. a3 Qc7 18. Rhe1 Rad8 19. Kb1 c5 20. dxc5 Nf4 21. Qe4 Nd5 22. Ng6 Rfe8 23. c4 Nf6 24. Nxe7+ Qxe7 25. Qe3 Qc7 26. b3 Rc8 27. b4 a5 28. Rd6 axb4 29. axb4 Ra8 30. Red1 b5 31. cxb5 Nd5 32. Qb3 Reb8 33. b6 Qe7 34. Qb2 Ra4 35. Nf5 Qg5 36. R6xd5 exd5 37. Rxd5 Qxg2 38. Ne7+ Kf8 39. Qd4 Qf1+ 40. Kc2 Qe2+ 41. Kc1 Qxe7 42. Qf4 Qe1+ 43. Kc2 Ra2+ 44. Kb3 Qb1+ 45. Kc4 Qf1+ 0-1

[Event "IECC CL6-2002.12"]
[Site "IECC email"]
[Date "2002.04.04"]
[Round "?"]
[White "Hulse, David"]
[Black "Gomes, Luciano"]
[Result "1/2-1/2"]
[WhiteElo "1269"]
[BlackElo "1280"]
[PlyCount "43"]
[EventDate "2002.??.??"]
[EventType "tourn (corr)"]
[EventRounds "4"]
[SourceTitle "Corr 2008"]
[Source "ChessBase"]
[SourceDate "2008.06.24"]
[SourceVersion "1"]
[SourceVersionDate "2008.06.24"]
[SourceQuality "1"]

1. e4 c6 2. d4 d5 3. Nd2 dxe4 4. Nxe4 Nf6 5. Nxf6+ exf6 6. Bf4 Be6 7. Nf3 Bd6 8. Qd2 Bxf4 9. Qxf4 Qe7 10. Qe3 Qb4+ 11. Qc3 Qxc3+ 12. bxc3 0-0 13. Bd3 Bd5 14. 0-0 Bxf3 15. gxf3 Nd7 16. c4 c5 17. d5 Ne5 18. Kg2 Rad8 19. a4 Nxd3 20. cxd3 b6 21. Rab1 g6 22. Rfe1 1/2-1/2

[Event "IECC CL7-2002.08"]
[Site "IECC email"]
[Date "2002.03.12"]
[Round "?"]
[White "Griffiths, John"]
[Black "Gomes, Luciano"]
[Result "0-1"]
[WhiteElo "1058"]
[BlackElo "1225"]
[PlyCount "98"]
[EventDate "2002.??.??"]
[EventType "tourn (corr)"]
[EventRounds "4"]
[SourceTitle "Corr 2008"]
[Source "ChessBase"]
[SourceDate "2008.06.24"]
[SourceVersion "1"]
[SourceVersionDate "2008.06.24"]
[SourceQuality "1"]

1. e4 c6 2. d4 d5 3. Nc3 dxe4 4. Nxe4 Nd7 5. Nf3 Ngf6 6. Nc3 Nb6 7. Be2 Bf5 8. 0-0 e6 9. Re1 Be7 10. h3 0-0 11. a3 c5 12. dxc5 Bxc5 13. b4 Be7 14. Bb2 a5 15. Na2 Qxd1 16. Bxd1 Nc4 17. Bc1 axb4 18. axb4 Bxb4 19. Rf1 Bc3 20. Nxc3 Rxa1 21. Be2 Rc8 22. Nd4 Ne4 23. Nxe4 Bxe4 24. c3 e5 25. Nb3 Ra2 26. Re1 f5 27. Bxc4+ Rxc4 28. Bd2 Rb2 29. Na5 Ra4 30. Bc1 Rb1 31. f3 Bd3 32. Nxb7 Raa1 33. Nc5 Rxc1 34. Nxd3 Rxe1+ 35. Nxe1 Rxe1+ 36. Kf2 Rc1 37. Ke3 Rxc3+ 38. Kd2 Ra3 39. Ke1 Ra2 40. Kf1 e4 41. fxe4 fxe4 42. h4 e3 43. g3 Kf7 44. g4 Ke6 45. h5 Ke5 46. g5 Kd4 47. g6 h6 48. Ke1 Kd3 49. Kd1 Ra1# 0-1

[Event "IECC KO email"]
[Site "IECC email"]
[Date "2002.02.27"]
[Round "?"]
[White "Gomes, Luciano"]
[Black "Allen, Ralph C"]
[Result "1/2-1/2"]
[WhiteElo "1233"]
[BlackElo "1590"]
[PlyCount "39"]
[EventDate "2002.??.??"]
[EventType "tourn (corr)"]
[EventRounds "6"]
[SourceTitle "Corr 2008"]
[Source "ChessBase"]
[SourceDate "2008.06.24"]
[SourceVersion "1"]
[SourceVersionDate "2008.06.24"]
[SourceQuality "1"]

1. d4 Nf6 2. c4 g6 3. Nc3 Bg7 4. Nf3 0-0 5. e4 d6 6. Be2 e5 7. Be3 exd4 8. Nxd4 Re8 9. f3 c6 10. Qd2 d5 11. exd5 cxd5 12. 0-0 Nc6 13. c5 Rxe3 14. Qxe3 Qf8 15. Nxc6 bxc6 16. a3 d4 17. Qxd4 Nd5 18. Qf2 Nxc3 19. bxc3 Bxc3 20. Rac1 1/2-1/2

[Event "IECC KO email"]
[Site "IECC email"]
[Date "2002.01.29"]
[Round "?"]
[White "Harper, Roy"]
[Black "Gomes, Luciano"]
[Result "0-1"]
[WhiteElo "1075"]
[BlackElo "1137"]
[PlyCount "88"]
[EventDate "2002.??.??"]
[EventType "tourn (corr)"]
[EventRounds "6"]
[SourceTitle "Corr 2008"]
[Source "ChessBase"]
[SourceDate "2008.06.24"]
[SourceVersion "1"]
[SourceVersionDate "2008.06.24"]
[SourceQuality "1"]

1. e4 d6 2. d4 Nf6 3. Nc3 g6 4. Nf3 Bg7 5. Bd3 0-0 6. 0-0 Bg4 7. h3 Bxf3 8. Qxf3 Nc6 9. Be3 Nd7 10. e5 dxe5 11. d5 Nd4 12. Qg3 Nc5 13. Bc4 e6 14. dxe6 Ncxe6 15. Rad1 Qe7 16. Nd5 Qc5 17. b3 b5 18. Bxd4 exd4 19. Be2 Qxd5 20. Bf3 Qc5 21. Bxa8 Rxa8 22. Qf3 Re8 23. Qe2 c6 24. Rfe1 f5 25. Qd2 Qa3 26. Re2 Qxa2 27. Qe1 Kf7 28. Ra1 Qb2 29. Rxa7+ Kf6 30. f4 h6 31. Ra8 Rxa8 32. Rxe6+ Kf7 33. Re7+ Kf8 34. Qe6 Qc1+ 35. Qe1 Qxc2 36. Rxg7 Kxg7 37. Qe7+ Kg8 38. Qe6+ Kf8 39. Qf6+ Ke8 40. Qxg6+ Kd7 41. Qg7+ Kc8 42. Qxd4 Qxb3 43. Qh8+ Kb7 44. Qh7+ Ka6 0-1

[Event "IECC KO email"]
[Site "IECC email"]
[Date "2001.12.30"]
[Round "?"]
[White "Gomes, Luciano"]
[Black "Cornett, Paul"]
[Result "1-0"]
[WhiteElo "1227"]
[BlackElo "995"]
[PlyCount "77"]
[EventDate "2001.??.??"]
[EventType "tourn (corr)"]
[EventRounds "6"]
[SourceTitle "Corr 2008"]
[Source "ChessBase"]
[SourceDate "2008.06.24"]
[SourceVersion "1"]
[SourceVersionDate "2008.06.24"]
[SourceQuality "1"]

1. e4 e5 2. Nf3 Nc6 3. Bb5 Bc5 4. c3 Nf6 5. d4 exd4 6. e5 Ng4 7. cxd4 Bb6 8. h3 Nxf2 9. Kxf2 Nxd4 10. Nxd4 Qh4+ 11. Kf3 Qxd4 12. Qxd4 Bxd4 13. Ke4 Bc5 14. Be3 Bxe3 15. Kxe3 0-0 16. Kd2 c6 17. Bd3 Re8 18. Re1 d5 19. exd6 Rxe1 20. Kxe1 Be6 21. Nc3 Rd8 22. Rd1 Kh8 23. Bc2 b5 24. b4 Kg8 25. g4 Kf8 26. Be4 Bd7 27. Ke2 Re8 28. Kf3 g6 29. Kf4 h6 30. h4 a6 31. a3 Kg7 32. Rd3 Kf6 33. g5+ hxg5+ 34. hxg5+ Kg7 35. Rd1 Re6 36. Bg2 Kf8 37. Ne4 Kg7 38. Nc5 Re2 39. Bf3 1-0

[Event "IECC Swiss email"]
[Site "IECC email"]
[Date "2001.11.18"]
[Round "?"]
[White "Grib, Johannes Willem"]
[Black "Gomes, Luciano"]
[Result "0-1"]
[WhiteElo "1578"]
[BlackElo "1132"]
[PlyCount "50"]
[EventDate "2001.??.??"]
[EventType "tourn (corr)"]
[EventRounds "6"]
[SourceTitle "Corr 2008"]
[Source "ChessBase"]
[SourceDate "2008.06.24"]
[SourceVersion "1"]
[SourceVersionDate "2008.06.24"]
[SourceQuality "1"]

1. e4 c5 2. Nf3 d6 3. h3 Nf6 4. Ng5 h6 5. Nxf7 Kxf7 6. Bc4+ e6 7. Qf3 Nc6 8. c3 d5 9. exd5 exd5 10. Be2 Bd6 11. d4 cxd4 12. c4 Re8 13. 0-0 Qe7 14. cxd5 Qe5 15. g3 Qxe2 16. Qxe2 Rxe2 17. dxc6 bxc6 18. Rd1 c5 19. Kg2 Bb7+ 20. Kf1 Rae8 21. Nd2 Bxg3 22. fxg3 Bg2+ 23. Kg1 Bxh3 24. Nf3 Rg2+ 25. Kh1 Ne4 0-1

[Event "IECC CL7-2001.25"]
[Site "IECC email"]
[Date "2001.10.13"]
[Round "?"]
[White "Gomes, Luciano"]
[Black "Conner, Michel"]
[Result "1/2-1/2"]
[WhiteElo "1063"]
[BlackElo "1058"]
[PlyCount "39"]
[EventDate "2001.??.??"]
[EventType "tourn (corr)"]
[EventRounds "4"]
[SourceTitle "Corr 2008"]
[Source "ChessBase"]
[SourceDate "2008.06.24"]
[SourceVersion "1"]
[SourceVersionDate "2008.06.24"]
[SourceQuality "1"]

1. d4 e6 2. c4 b6 3. Nf3 Bb7 4. Nc3 Bb4 5. Bd2 Nf6 6. e3 0-0 7. Bd3 d5 8. 0-0 dxc4 9. Bxc4 c5 10. a3 Bxc3 11. bxc3 Qc7 12. Qe2 Nbd7 13. Bd3 e5 14. Bc4 exd4 15. cxd4 Ng4 16. d5 Ndf6 17. h3 Ne5 18. e4 Nxc4 19. Qxc4 Rfe8 20. d6 1/2-1/2

[Event "IECC CL7-2001.25"]
[Site "IECC email"]
[Date "2001.10.13"]
[Round "?"]
[White "Gomes, Luciano"]
[Black "Gumminger, Fred"]
[Result "1-0"]
[WhiteElo "1048"]
[BlackElo "1038"]
[PlyCount "54"]
[EventDate "2001.??.??"]
[EventType "tourn (corr)"]
[EventRounds "4"]
[SourceTitle "Corr 2008"]
[Source "ChessBase"]
[SourceDate "2008.06.24"]
[SourceVersion "1"]
[SourceVersionDate "2008.06.24"]
[SourceQuality "1"]

1. f4 d5 2. e3 Nc6 3. Nf3 Nf6 4. b3 Bg4 5. Bb2 d4 6. Bxd4 Nxd4 7. exd4 Bxf3 8. Qxf3 Qxd4 9. Qxb7 Rd8 10. Bb5+ Nd7 11. Nc3 e6 12. Qxc7 Ba3 13. Qc4 Qb6 14. Rb1 0-0 15. Qa4 Nc5 16. Qxa3 Rxd2 17. Kxd2 Rd8+ 18. Kc1 Ne4 19. Nxe4 Qe3+ 20. Kb2 Qxe4 21. Rbd1 Rc8 22. Qc5 Rf8 23. g3 g6 24. Bc6 Qe2 25. Qxa7 Rc8 26. Qe7 Rxc6 27. Qe8+ Kg7 1-0

[Event "IECC CL7-2001.22"]
[Site "IECC email"]
[Date "2001.09.30"]
[Round "?"]
[White "Turko, Sergey Ivanovich"]
[Black "Gomes, Luciano"]
[Result "1-0"]
[WhiteElo "1387"]
[BlackElo "1043"]
[PlyCount "93"]
[EventDate "2001.??.??"]
[EventType "tourn (corr)"]
[EventRounds "4"]
[SourceTitle "Corr 2008"]
[Source "ChessBase"]
[SourceDate "2008.06.24"]
[SourceVersion "1"]
[SourceVersionDate "2008.06.24"]
[SourceQuality "1"]

1. d4 Nf6 2. c4 g6 3. Nc3 Bg7 4. e4 0-0 5. Nf3 d6 6. Be2 Nbd7 7. 0-0 c5 8. Bg5 cxd4 9. Nxd4 Nc5 10. Bf3 Qb6 11. b3 Ncxe4 12. Bxe4 Nxe4 13. Nxe4 Qxd4 14. Qxd4 Bxd4 15. Rad1 Bg7 16. Bxe7 Re8 17. Nf6+ Bxf6 18. Bxf6 Re6 19. Bc3 Bd7 20. Bb4 Re2 21. Rxd6 Bc6 22. Rd2 Rae8 23. f3 b6 24. Rxe2 Rxe2 25. Rd1 a5 26. Rd6 Be8 27. Bc3 Rc2 28. Be5 Rxa2 29. Rd8 f6 30. Rxe8+ Kf7 31. Rh8 fxe5 32. Rxh7+ Ke6 33. Rb7 a4 34. Rxb6+ Kd7 35. bxa4 Rxa4 36. c5 Rc4 37. Rxg6 Rxc5 38. h4 Rc4 39. g4 e4 40. fxe4 Rxe4 41. h5 Ke7 42. h6 Re1+ 43. Kg2 Re2+ 44. Kf3 Rh2 45. g5 Rh4 46. Rf6 Rh3+ 47. Kg4 1-0

[Event "IECC Swiss email"]
[Site "IECC email"]
[Date "2001.08.20"]
[Round "?"]
[White "Hakuc, Waclaw"]
[Black "Gomes, Luciano"]
[Result "1-0"]
[WhiteElo "1682"]
[BlackElo "1025"]
[PlyCount "62"]
[EventDate "2001.??.??"]
[EventType "tourn (corr)"]
[EventRounds "6"]
[SourceTitle "Corr 2008"]
[Source "ChessBase"]
[SourceDate "2008.06.24"]
[SourceVersion "1"]
[SourceVersionDate "2008.06.24"]
[SourceQuality "1"]

1. e4 c5 2. Nf3 Nf6 3. e5 Nd5 4. d4 cxd4 5. Nxd4 e6 6. Nb5 Nc6 7. c4 Nb6 8. f4 Be7 9. N1c3 0-0 10. Be3 a6 11. Nd6 Nb4 12. Qb3 Bxd6 13. exd6 a5 14. a3 e5 15. axb4 exf4 16. Bxb6 Qxb6 17. c5 Re8+ 18. Be2 Qd8 19. 0-0 Qf6 20. Rf2 Re3 21. Qc4 b5 22. Qxf4 Qxf4 23. Rxf4 Re5 24. Bxb5 Bb7 25. Bxd7 Rd8 26. c6 Bxc6 27. Bxc6 Rxd6 28. Re4 Rxe4 29. Bxe4 a4 30. Rxa4 Kf8 31. Ra8+ Ke7 1-0

[Event "IECC CL7-2002.05"]
[Site "IECC email"]
[Date "2001.02.15"]
[Round "?"]
[White "Gomes, Luciano"]
[Black "Treff, Leslie"]
[Result "1-0"]
[WhiteElo "1244"]
[BlackElo "1027"]
[PlyCount "43"]
[EventDate "2002.??.??"]
[EventType "tourn (corr)"]
[EventRounds "4"]
[SourceTitle "Corr 2008"]
[Source "ChessBase"]
[SourceDate "2008.06.24"]
[SourceVersion "1"]
[SourceVersionDate "2008.06.24"]
[SourceQuality "1"]

1. d4 d5 2. c4 e6 3. Nf3 Nf6 4. Bg5 dxc4 5. e4 Bb4+ 6. Nc3 c5 7. e5 cxd4 8. Qa4+ Nc6 9. 0-0-0 Bd7 10. Ne4 b5 11. Qc2 h6 12. Nxf6+ gxf6 13. Bxf6 Be7 14. Bxh8 Bg5+ 15. Kb1 Nb4 16. Qh7 Bc6 17. Nxd4 Qe7 18. Nxc6 Qf8 19. Bg7 Be7 20. Nxe7 Kxe7 21. Bxf8+ Rxf8 22. Rd6 1-0